Empowerment and poveety reduction : A sourcebook

Đã lưu trong:
书目详细资料
主要作者: Narayan, Deepa
格式: 图书
语言:Undetermined
出版: Washington, D. C. The World Bank 2002
主题:
标签: 添加标签
没有标签, 成为第一个标记此记录!
Thư viện lưu trữ: Trung tâm Học liệu Trường Đại học Cần Thơ
LEADER 00544nam a2200205Ia 4500
001 CTU_61702
008 210402s9999 xx 000 0 und d
082 |a 362.58 
082 |b N218 
100 |a Narayan, Deepa 
245 0 |a Empowerment and poveety reduction : 
245 2 |b A sourcebook 
245 0 |c Deepa Narayan 
260 |a Washington, D. C. 
260 |b The World Bank 
260 |c 2002 
650 |a Poverty 
650 |x Developing countries 
904 |i Minh,Hải 
980 |a Trung tâm Học liệu Trường Đại học Cần Thơ